000
00279nam a22001217a 4500
003
OSt
008
250121b |||||||| |||| 00| 0 eng d
041
_a
eng
100
_a
PurseGlove
_9
6971
245
_a
Tropical Crops: Monocoty dous
260
_a
London:
_b
ELBS,
_c
1985
942
_c
BK
999
_c
19096
_d
19096